Sufjan Stevens Lyrics - Statistics

General Stats
  • This quiz has been taken 143 times
  • The average score is 11 of 16
Answer Stats
Song Lyric % Correct
We're all gonna {die}
93%
Should Have Known Better My brother had a {daughter}
86%
Cursed by the {love} that I received
83%
I made a lot of {mistakes} / In my mind, in my mind
83%
Just to prove that he was {sorry}
74%
Chicago We sold our {clothes} to the state / I don't mind, I don't mind
70%
John My Beloved Beloved of John, I get it all {wrong}
67%
The beauty that she brings, {illumination}
67%
Is it a {video}?
66%
Casimir Pulaski Day Your father cried on the telephone / And he drove his car into the {navy} yard
66%
I read you for some kind of {poem}
58%
He runs washing his {face} in his hands
55%
Fourth of July Tell me what did you learn from the {Tillamook} burn / Or the Fourth of July?
55%
The Predatory Wasp of the Palisades Is Out to Get Us! There on his shoulder my {best} {friend} is bit seven times
53%
Mystery of Love Drowned in {living} waters
48%
Visions of Gideon For the love, for {laughter}, I flew up to your arms
36%
No matching quizzes found
Score Distribution
Percent of People with Each Score
Percentile by Number Answered
Your Score History
You have not taken this quiz